000 00658nam a22001937a 4500
999 _c175767
_d175767
005 20200928115105.0
010 _aUR-10875
020 _c112.00
_a9789390100019
035 _aU-9430
037 _bDBAD/PUB
082 _a841
100 _aمحمد ا ليا س کر گلی
245 _aبر گ گل
_cمحمد ا ليا س کر گلی
246 _bBarg-E-Gul (Urdu)
_aby Mohd.Ilyass Kargili
260 _aN.Delhi
_bEducational Publishing House
_c2020 ء
270 _aH.O.D1/16,Ansari Road,Darya ganj,
_bN.Delhi
_e110002
_k45678285,23216162
_l0091-11-23211540
300 _a136 ص
_c22 Cm(Hb)
942 _2ddc
_cUR
_h841
_mم ح م